NCAA Institutions in Kentucky - Statistics

General Stats
  • This quiz has been taken 24 times
  • The average score is 8 of 16
Answer Stats
Conference School Team Name % Correct
Division I SEC Kentucky Wildcats
100%
Division I ACC Louisville Cardinals
100%
Division I ASUN Eastern Kentucky Colonels
95%
Division I C-USA Western Kentucky Hilltoppers
95%
Division I Horizon Northern Kentucky Norse
75%
Division I Missouri Valley Murray State Racers
70%
Division II SIAC Kentucky State Thorobreds
55%
Division I Ohio Valley Morehead State Eagles
45%
Division I ASUN Bellarmine Knights
35%
Division III HCAC Transylvania Pioneers
25%
Division II Great Midwest Kentucky Wesleyan Panthers
20%
Division III HCAC Berea Mountaineers
15%
Division III SLIAC Spalding Golden Eagles
15%
Division III SAA Centre Colonels
10%
Division III CCS Asbury Eagles
5%
Division II Great Midwest Thomas More Saints
5%
No matching quizzes found
Score Distribution
Percent of People with Each Score
Percentile by Number Answered
Your Score History
You have not taken this quiz